[Event "Deutsche Ländermeisterschaft 2025"]
[Site "Oer-Erkenschwick GER"]
[Date "2025.10.03"]
[Round "5"]
[White "Terlouw, Wouter"]
[Black "Steger, Lukas Daniel"]
[Result "1/2-1/2"]
[Termination "normal"]
[Board "6.2"]
[WhiteTitle "CM"]
[WhiteElo "2102"]
[BlackElo "2081"]
[WhiteClock "00:31:51"]
[BlackClock "00:04:23"]
[WhiteTeam "Stichts-Gooise Schaakbond"]
[BlackTeam "Sachsen"]
[PlyCount "120"]
[WhiteFideId "1087401"]
[BlackFideId "3335151"]
[EventCountry "GER"]
[EventRounds "7"]
[EventType "team-swiss"]
[EventDate "2025.09.30"]

1. d4 {[%clk 01:30:56]} {[%emt 00:00:03]} d5 {[%clk 01:30:54]} {[%emt
00:00:07]} 2. Nf3 {[%clk 01:31:20]} {[%emt 00:00:05]} Nf6 {[%clk 01:31:05]}
{[%emt 00:00:20]} 3. g3 {[%clk 01:31:44]} {[%emt 00:00:06]} Bf5 {[%clk
01:30:11]} {[%emt 00:01:23]} 4. Bg2 {[%clk 01:32:05]} {[%emt 00:00:10]} e6
{[%clk 01:29:04]} {[%emt 00:01:37]} 5. c4 {[%clk 01:32:27]} {[%emt 00:00:08]}
c6 {[%clk 01:28:45]} {[%emt 00:00:48]} 6. Nc3 {[%clk 01:32:35]} {[%emt
00:00:22]} h6 {[%clk 01:28:18]} {[%emt 00:00:57]} 7. Qb3 {[%clk 01:32:56]}
{[%emt 00:00:09]} Qb6 {[%clk 01:28:30]} {[%emt 00:00:19]} 8. c5 {[%clk
01:33:22]} {[%emt 00:00:04]} Qxb3 {[%clk 01:28:53]} {[%emt 00:00:08]} 9. axb3
{[%clk 01:33:47]} {[%emt 00:00:04]} Na6 {[%clk 01:28:49]} {[%emt 00:00:34]} 10.
Ra4 {[%clk 01:34:13]} {[%emt 00:00:05]} Nd7 {[%clk 01:26:50]} {[%emt 00:02:28]}
11. O-O {[%clk 01:31:25]} {[%emt 00:03:17]} g5 {[%clk 01:26:25]} {[%emt
00:00:55]} 12. Be3 {[%clk 01:29:23]} {[%emt 00:02:32]} Nc7 {[%clk 01:22:02]}
{[%emt 00:04:54]} 13. b4 {[%clk 01:27:53]} {[%emt 00:02:00]} Bg7 {[%clk
01:15:41]} {[%emt 00:06:51]} 14. Ra5 {[%clk 01:24:11]} {[%emt 00:04:12]} a6
{[%clk 01:14:28]} {[%emt 00:01:42]} 15. h3 {[%clk 01:20:16]} {[%emt 00:04:26]}
O-O {[%clk 00:57:45]} {[%emt 00:17:13]} 16. g4 {[%clk 01:13:49]} {[%emt
00:06:57]} Bg6 {[%clk 00:52:36]} {[%emt 00:05:38]} 17. h4 {[%clk 01:11:12]}
{[%emt 00:03:07]} e5 {[%clk 00:40:47]} {[%emt 00:12:20]} 18. hxg5 {[%clk
00:58:42]} {[%emt 00:12:59]} hxg5 {[%clk 00:36:44]} {[%emt 00:04:33]} 19. dxe5
{[%clk 00:58:16]} {[%emt 00:00:56]} Ne6 {[%clk 00:35:44]} {[%emt 00:01:31]} 20.
Nxg5 {[%clk 00:56:28]} {[%emt 00:02:17]} Nxe5 {[%clk 00:34:46]} {[%emt
00:01:28]} 21. Nxe6 {[%clk 00:56:07]} {[%emt 00:00:52]} fxe6 {[%clk 00:34:56]}
{[%emt 00:00:19]} 22. Bd4 {[%clk 00:56:01]} {[%emt 00:00:35]} Nxg4 {[%clk
00:33:00]} {[%emt 00:02:27]} 23. Bxg7 {[%clk 00:55:12]} {[%emt 00:01:19]} Kxg7
{[%clk 00:33:23]} {[%emt 00:00:08]} 24. Bh3 {[%clk 00:45:17]} {[%emt 00:10:24]}
Ne5 {[%clk 00:21:19]} {[%emt 00:12:34]} 25. f4 {[%clk 00:39:46]} {[%emt
00:06:01]} Nc4 {[%clk 00:19:46]} {[%emt 00:02:04]} 26. Raa1 {[%clk 00:39:35]}
{[%emt 00:00:40]} Kf6 {[%clk 00:15:31]} {[%emt 00:04:46]} 27. e4 {[%clk
00:28:35]} {[%emt 00:11:30]} Nd2 {[%clk 00:08:04]} {[%emt 00:07:57]} 28. e5+
{[%clk 00:28:21]} {[%emt 00:00:44]} Kf7 {[%clk 00:08:04]} {[%emt 00:00:30]} 29.
Rf2 {[%clk 00:28:23]} {[%emt 00:00:27]} Ne4 {[%clk 00:08:14]} {[%emt 00:00:21]}
30. Rg2 {[%clk 00:25:55]} {[%emt 00:02:57]} Nxc3 {[%clk 00:02:59]} {[%emt
00:05:45]} 31. bxc3 {[%clk 00:26:15]} {[%emt 00:00:10]} Be4 {[%clk 00:03:21]}
{[%emt 00:00:08]} 32. Rg3 {[%clk 00:25:58]} {[%emt 00:00:48]} Rh8 {[%clk
00:02:37]} {[%emt 00:01:13]} 33. Kf2 {[%clk 00:23:58]} {[%emt 00:02:30]} Rh7
{[%clk 00:01:53]} {[%emt 00:01:15]} 34. Rag1 {[%clk 00:21:53]} {[%emt
00:02:36]} Rah8 {[%clk 00:00:51]} {[%emt 00:01:32]} 35. Bf1 {[%clk 00:20:50]}
{[%emt 00:01:33]} Rh2+ {[%clk 00:00:38]} {[%emt 00:00:42]} 36. Ke3 {[%clk
00:21:16]} {[%emt 00:00:04]} R2h7 {[%clk 00:00:32]} {[%emt 00:00:36]} 37. Bd3
{[%clk 00:21:06]} {[%emt 00:00:39]} Bxd3 {[%clk 00:00:37]} {[%emt 00:00:25]}
38. Kxd3 {[%clk 00:21:31]} {[%emt 00:00:05]} Rh3 {[%clk 00:00:56]} {[%emt
00:00:12]} 39. Ke3 {[%clk 00:21:26]} {[%emt 00:00:35]} Rxg3+ {[%clk 00:01:13]}
{[%emt 00:00:13]} 40. Rxg3 {[%clk 00:21:51]} {[%emt 00:00:04]} Rh1 {[%clk
00:01:26]} {[%emt 00:00:17]} 41. Kf3 {[%clk 00:21:49]} {[%emt 00:00:32]} Rd1
{[%clk 00:27:17]} {[%emt 00:04:39]} 42. Rh3 {[%clk 00:46:57]} {[%emt 00:05:22]}
Kg7 {[%clk 00:27:32]} {[%emt 00:00:15]} 43. Kg4 {[%clk 00:45:44]} {[%emt
00:01:43]} Kg6 {[%clk 00:14:49]} {[%emt 00:13:13]} 44. Rh8 {[%clk 00:38:54]}
{[%emt 00:07:20]} Rg1+ {[%clk 00:15:12]} {[%emt 00:00:07]} 45. Kf3 {[%clk
00:38:45]} {[%emt 00:00:39]} Rc1 {[%clk 00:15:38]} {[%emt 00:00:04]} 46. Rb8
{[%clk 00:37:03]} {[%emt 00:02:12]} Rxc3+ {[%clk 00:15:55]} {[%emt 00:00:13]}
47. Kg4 {[%clk 00:36:52]} {[%emt 00:00:41]} a5 {[%clk 00:09:29]} {[%emt
00:06:57]} 48. bxa5 {[%clk 00:37:05]} {[%emt 00:00:16]} Rxc5 {[%clk 00:09:54]}
{[%emt 00:00:05]} 49. Rxb7 {[%clk 00:37:30]} {[%emt 00:00:06]} Rxa5 {[%clk
00:09:22]} {[%emt 00:01:02]} 50. Re7 {[%clk 00:37:52]} {[%emt 00:00:06]} c5
{[%clk 00:09:41]} {[%emt 00:00:12]} 51. Rxe6+ {[%clk 00:38:15]} {[%emt
00:00:07]} Kf7 {[%clk 00:10:04]} {[%emt 00:00:07]} 52. Kf5 {[%clk 00:35:26]}
{[%emt 00:03:20]} d4 {[%clk 00:09:48]} {[%emt 00:00:45]} 53. Rc6 {[%clk
00:33:40]} {[%emt 00:02:16]} d3 {[%clk 00:07:51]} {[%emt 00:02:27]} 54. Rc7+
{[%clk 00:34:03]} {[%emt 00:00:06]} Ke8 {[%clk 00:06:42]} {[%emt 00:01:40]} 55.
e6 {[%clk 00:33:46]} {[%emt 00:00:46]} d2 {[%clk 00:06:49]} {[%emt 00:00:23]}
56. Rd7 {[%clk 00:34:05]} {[%emt 00:00:10]} c4+ {[%clk 00:06:26]} {[%emt
00:00:55]} 57. Kf6 {[%clk 00:34:27]} {[%emt 00:00:08]} c3 {[%clk 00:06:22]}
{[%emt 00:00:35]} 58. Re7+ {[%clk 00:34:32]} {[%emt 00:00:24]} Kf8 {[%clk
00:06:09]} {[%emt 00:00:43]} 59. Rf7+ {[%clk 00:33:03]} {[%emt 00:01:59]} Ke8
{[%clk 00:05:31]} {[%emt 00:01:08]} 60. Re7+ {[%clk 00:31:51]} {[%emt
00:01:41]} Kf8 {[%clk 00:04:23]} {[%emt 00:01:39]} 1/2-1/2

[Event "Deutsche Ländermeisterschaft 2025"]
[Site "Oer-Erkenschwick GER"]
[Date "2025.10.03"]
[Round "5"]
[White "Herrmann, Arthur"]
[Black "den Heijer, Rolinde"]
[Result "1-0"]
[Termination "normal"]
[Board "6.3"]
[WhiteElo "2149"]
[BlackElo "2065"]
[WhiteClock "00:07:23"]
[BlackClock "00:06:46"]
[WhiteTeam "Sachsen"]
[BlackTeam "Stichts-Gooise Schaakbond"]
[PlyCount "59"]
[WhiteFideId "16287150"]
[BlackFideId "1068300"]
[EventCountry "GER"]
[EventRounds "7"]
[EventType "team-swiss"]
[EventDate "2025.09.30"]

1. e4 {[%clk 01:30:56]} {[%emt 00:00:04]} c5 {[%clk 01:30:56]} {[%emt
00:00:04]} 2. Nf3 {[%clk 01:31:11]} {[%emt 00:00:07]} d6 {[%clk 01:31:24]}
{[%emt 00:00:10]} 3. d4 {[%clk 01:31:37]} {[%emt 00:00:05]} cxd4 {[%clk
01:31:49]} {[%emt 00:00:04]} 4. Nxd4 {[%clk 01:32:03]} {[%emt 00:00:03]} Nf6
{[%clk 01:32:12]} {[%emt 00:00:08]} 5. Nc3 {[%clk 01:32:30]} {[%emt 00:00:03]}
a6 {[%clk 01:32:34]} {[%emt 00:00:07]} 6. a3 {[%clk 01:32:19]} {[%emt
00:00:41]} g6 {[%clk 01:32:32]} {[%emt 00:00:32]} 7. f3 {[%clk 01:31:02]}
{[%emt 00:01:48]} Bg7 {[%clk 01:32:33]} {[%emt 00:00:29]} 8. Be3 {[%clk
01:30:39]} {[%emt 00:00:53]} O-O {[%clk 01:32:10]} {[%emt 00:00:52]} 9. Qd2
{[%clk 01:30:05]} {[%emt 00:01:04]} Nc6 {[%clk 01:30:41]} {[%emt 00:01:58]} 10.
g4 {[%clk 01:27:41]} {[%emt 00:02:55]} Bd7 {[%clk 01:26:29]} {[%emt 00:04:41]}
11. O-O-O {[%clk 01:24:02]} {[%emt 00:04:09]} b5 {[%clk 01:21:46]} {[%emt
00:05:13]} 12. Nd5 {[%clk 01:13:24]} {[%emt 00:11:08]} Ne5 {[%clk 01:09:33]}
{[%emt 00:12:43]} 13. Bh6 {[%clk 01:03:29]} {[%emt 00:10:26]} Nxd5 {[%clk
01:04:11]} {[%emt 00:05:51]} 14. exd5 {[%clk 01:00:12]} {[%emt 00:03:47]} a5
{[%clk 01:00:33]} {[%emt 00:04:08]} 15. h4 {[%clk 00:54:39]} {[%emt 00:06:04]}
f6 {[%clk 00:44:22]} {[%emt 00:16:40]} 16. Bxg7 {[%clk 00:42:02]} {[%emt
00:13:08]} Kxg7 {[%clk 00:44:34]} {[%emt 00:00:18]} 17. h5 {[%clk 00:36:55]}
{[%emt 00:05:37]} g5 {[%clk 00:42:43]} {[%emt 00:02:20]} 18. Bxb5 {[%clk
00:36:14]} {[%emt 00:01:11]} Nxf3 {[%clk 00:37:35]} {[%emt 00:05:39]} 19. Nxf3
{[%clk 00:35:04]} {[%emt 00:01:39]} Bxb5 {[%clk 00:37:20]} {[%emt 00:00:45]}
20. h6+ {[%clk 00:35:08]} {[%emt 00:00:26]} Kh8 {[%clk 00:34:37]} {[%emt
00:03:13]} 21. Rde1 {[%clk 00:22:09]} {[%emt 00:13:29]} Rc8 {[%clk 00:26:44]}
{[%emt 00:08:23]} 22. Qe3 {[%clk 00:15:45]} {[%emt 00:06:54]} Rf7 {[%clk
00:23:56]} {[%emt 00:03:18]} 23. Rh2 {[%clk 00:13:57]} {[%emt 00:02:18]} Qd7
{[%clk 00:19:53]} {[%emt 00:04:34]} 24. Rf2 {[%clk 00:10:31]} {[%emt 00:03:56]}
Rcf8 {[%clk 00:15:25]} {[%emt 00:04:57]} 25. Nd4 {[%clk 00:08:47]} {[%emt
00:02:14]} Bc4 {[%clk 00:13:50]} {[%emt 00:02:05]} 26. Qe4 {[%clk 00:07:49]}
{[%emt 00:01:29]} Qa7 {[%clk 00:12:21]} {[%emt 00:01:58]} 27. Rf5 {[%clk
00:07:11]} {[%emt 00:01:07]} Qc5 {[%clk 00:11:01]} {[%emt 00:01:50]} 28. Ne6
{[%clk 00:06:45]} {[%emt 00:00:57]} Qc8 {[%clk 00:07:20]} {[%emt 00:04:11]} 29.
Nxf8 {[%clk 00:07:09]} {[%emt 00:00:07]} Rxf8 {[%clk 00:06:46]} {[%emt
00:01:03]} 30. Qxe7 {[%clk 00:07:23]} {[%emt 00:00:16]} 1-0

[Event "Deutsche Ländermeisterschaft 2025"]
[Site "Oer-Erkenschwick GER"]
[Date "2025.10.03"]
[Round "5"]
[White "de Jong, Lode"]
[Black "Nguyen, Thanh An"]
[Result "1-0"]
[Termination "normal"]
[Board "6.4"]
[WhiteTitle "CM"]
[WhiteElo "1978"]
[BlackElo "2005"]
[WhiteClock "00:25:38"]
[BlackClock "00:39:29"]
[WhiteTeam "Stichts-Gooise Schaakbond"]
[BlackTeam "Sachsen"]
[PlyCount "55"]
[WhiteFideId "40101860"]
[BlackFideId "34627804"]
[EventCountry "GER"]
[EventRounds "7"]
[EventType "team-swiss"]
[EventDate "2025.09.30"]

1. d4 {[%clk 01:30:58]} Nf6 {[%clk 01:30:47]} {[%emt 00:00:13]} 2. c4 {[%clk
01:31:23]} {[%emt 00:00:05]} e6 {[%clk 01:31:14]} {[%emt 00:00:03]} 3. g3
{[%clk 01:31:49]} {[%emt 00:00:04]} d5 {[%clk 01:31:38]} {[%emt 00:00:07]} 4.
Bg2 {[%clk 01:32:14]} {[%emt 00:00:05]} Bb4+ {[%clk 01:30:19]} {[%emt
00:01:49]} 5. Nd2 {[%clk 01:32:16]} {[%emt 00:00:28]} O-O {[%clk 01:30:29]}
{[%emt 00:00:20]} 6. Ngf3 {[%clk 01:32:41]} {[%emt 00:00:05]} dxc4 {[%clk
01:30:06]} {[%emt 00:00:53]} 7. Qc2 {[%clk 01:32:59]} {[%emt 00:00:12]} b5
{[%clk 01:28:02]} {[%emt 00:02:34]} 8. a4 {[%clk 01:33:00]} {[%emt 00:00:28]}
c6 {[%clk 01:27:41]} {[%emt 00:00:52]} 9. axb5 {[%clk 01:33:25]} {[%emt
00:00:05]} cxb5 {[%clk 01:28:07]} {[%emt 00:00:04]} 10. Ng5 {[%clk 01:33:47]}
{[%emt 00:00:07]} h6 {[%clk 01:27:28]} {[%emt 00:01:09]} 11. Bxa8 {[%clk
01:32:27]} {[%emt 00:01:49]} hxg5 {[%clk 01:27:56]} {[%emt 00:00:03]} 12. O-O
{[%clk 01:31:58]} {[%emt 00:00:58]} Qb6 {[%clk 01:21:04]} {[%emt 00:07:23]} 13.
Ne4 {[%clk 01:10:19]} {[%emt 00:22:09]} Nxe4 {[%emt 00:02:32]} 14. Qxe4 {[%clk
01:09:39]} {[%emt 00:01:00]} Be7 {[%clk 01:18:05]} {[%emt 00:01:37]} 15. d5
{[%clk 00:55:50]} {[%emt 00:14:18]} Qc7 {[%clk 00:56:58]} {[%emt 00:21:38]} 16.
Be3 {[%clk 00:46:32]} {[%emt 00:09:47]} a5 {[%clk 00:51:32]} {[%emt 00:05:57]}
17. dxe6 {[%clk 00:46:00]} {[%emt 00:01:02]} Bxe6 {[%clk 00:51:46]} {[%emt
00:00:17]} 18. Bd5 {[%clk 00:46:20]} {[%emt 00:00:09]} Bxd5 {[%clk 00:39:07]}
{[%emt 00:13:09]} 19. Qxd5 {[%clk 00:46:43]} {[%emt 00:00:06]} Qc6 {[%clk
00:39:34]} {[%emt 00:00:04]} 20. Rfd1 {[%clk 00:42:07]} {[%emt 00:05:05]} a4
{[%clk 00:38:28]} {[%emt 00:01:37]} 21. Bxg5 {[%clk 00:41:09]} {[%emt
00:01:27]} Qxd5 {[%clk 00:37:48]} {[%emt 00:01:11]} 22. Rxd5 {[%clk 00:39:54]}
{[%emt 00:01:44]} Bxg5 {[%clk 00:38:14]} {[%emt 00:00:04]} 23. Rxg5 {[%clk
00:40:15]} {[%emt 00:00:10]} f5 {[%clk 00:38:42]} {[%emt 00:00:02]} 24. g4
{[%clk 00:39:52]} {[%emt 00:00:52]} Nd7 {[%clk 00:38:51]} {[%emt 00:00:22]} 25.
Rd1 {[%clk 00:31:38]} {[%emt 00:08:44]} Nb6 {[%clk 00:39:09]} {[%emt 00:00:12]}
26. Rxf5 {[%clk 00:24:56]} {[%emt 00:07:12]} Rxf5 {[%clk 00:39:33]} {[%emt
00:00:06]} 27. gxf5 {[%clk 00:25:14]} {[%emt 00:00:12]} b4 {[%clk 00:39:29]}
{[%emt 00:00:34]} 28. Rd6 {[%clk 00:25:38]} {[%emt 00:00:06]} 1-0

[Event "Deutsche Ländermeisterschaft 2025"]
[Site "Oer-Erkenschwick GER"]
[Date "2025.10.03"]
[Round "5"]
[White "Dotschuweit, Erik"]
[Black "Gergin, Isafara"]
[Result "0-1"]
[Termination "normal"]
[Board "6.5"]
[WhiteElo "1733"]
[BlackElo "1984"]
[WhiteClock "01:25:53"]
[BlackClock "01:14:59"]
[WhiteTeam "Sachsen"]
[BlackTeam "Stichts-Gooise Schaakbond"]
[PlyCount "19"]
[WhiteFideId "34610146"]
[BlackFideId "1082167"]
[EventCountry "GER"]
[EventRounds "7"]
[EventType "team-swiss"]
[EventDate "2025.09.30"]

1. d4 {[%clk 01:30:57]} {[%emt 00:00:02]} d5 {[%clk 01:30:45]} {[%emt
00:00:16]} 2. Bf4 {[%clk 01:31:18]} {[%emt 00:00:09]} Nf6 {[%clk 01:30:54]}
{[%emt 00:00:20]} 3. Nf3 {[%clk 01:31:30]} {[%emt 00:00:19]} c5 {[%clk
01:31:07]} {[%emt 00:00:17]} 4. c3 {[%clk 01:31:20]} {[%emt 00:00:40]} Nc6
{[%clk 01:30:20]} {[%emt 00:01:17]} 5. e3 {[%clk 01:31:32]} {[%emt 00:00:18]}
Qb6 {[%clk 01:30:37]} {[%emt 00:00:13]} 6. Qc1 {[%clk 01:31:09]} {[%emt
00:00:53]} g6 {[%clk 01:24:08]} {[%emt 00:06:59]} 7. Bd3 {[%clk 01:29:31]}
{[%emt 00:02:08]} Bg7 {[%clk 01:22:29]} {[%emt 00:02:09]} 8. O-O {[%clk
01:28:24]} {[%emt 00:01:36]} O-O {[%clk 01:18:59]} {[%emt 00:04:00]} 9. Nbd2
{[%clk 01:28:16]} {[%emt 00:00:39]} Re8 {[%clk 01:14:59]} {[%emt 00:04:29]} 10.
Re1 {[%clk 01:25:53]} {[%emt 00:02:53]} Nd7 11. Bg3 e5 12. dxe5 Ndxe5 13. Nxe5
Nxe5 14. Bxe5 Bxe5 15. e4 c4 16. Bc2 Be6 17. Nf3 Bg7 18. Ba4 Red8 19. e5 Qc7
20. Qe3 a6 21. Nd4 b5 22. Bc2 Re8 23. f4 Bd7 24. Qf3 Qc5 25. a3 a5 26. g4 b4
27. Kg2 bxc3 28. bxc3 Ra6 29. Qd1 f6 30. Ba4 Qc7 31. e6 Bxa4 32. Qxa4 Re7 33.
Kf3 Bh6 34. g5 fxg5 35. Re5 gxf4 36. Rxd5 Qb7 37. Qb5 Rb6 38. Qxc4 Rc7 39. Qa2
Rb2 40. e7 Rxe7 41. Qc4 Re3+ 0-1

[Event "Deutsche Ländermeisterschaft 2025"]
[Site "Oer-Erkenschwick GER"]
[Date "2025.10.03"]
[Round "5"]
[White "Koorevaar, Sarah-Joy"]
[Black "Mai, Mariella"]
[Result "0-1"]
[Termination "normal"]
[Board "6.6"]
[WhiteElo "1811"]
[BlackElo "1748"]
[WhiteClock "00:29:39"]
[BlackClock "00:38:10"]
[WhiteTeam "Stichts-Gooise Schaakbond"]
[BlackTeam "Sachsen"]
[PlyCount "142"]
[WhiteFideId "1091174"]
[BlackFideId "16281780"]
[EventCountry "GER"]
[EventRounds "7"]
[EventType "team-swiss"]
[EventDate "2025.09.30"]

1. d4 {[%clk 01:30:59]} Nf6 {[%clk 01:30:06]} {[%emt 00:00:55]} 2. Nf3 {[%clk
01:31:23]} {[%emt 00:00:06]} e6 {[%clk 01:29:34]} {[%emt 00:01:02]} 3. g3
{[%clk 01:31:47]} {[%emt 00:00:06]} b6 {[%clk 01:29:35]} {[%emt 00:00:30]} 4.
Bg2 {[%clk 01:32:10]} {[%emt 00:00:06]} Bb7 {[%clk 01:29:30]} {[%emt 00:00:35]}
5. O-O {[%clk 01:32:33]} {[%emt 00:00:07]} Be7 {[%clk 01:29:16]} {[%emt
00:00:43]} 6. c4 {[%emt 00:00:15]} O-O {[%clk 01:28:34]} {[%emt 00:01:04]} 7.
Nc3 {[%clk 01:33:18]} {[%emt 00:00:09]} d5 {[%clk 01:28:22]} {[%emt 00:00:42]}
8. cxd5 {[%clk 01:24:45]} {[%emt 00:09:03]} exd5 {[%clk 01:27:25]} {[%emt
00:01:26]} 9. Bf4 {[%clk 01:24:27]} {[%emt 00:00:49]} c6 {[%clk 01:17:25]}
{[%emt 00:10:30]} 10. Qc2 {[%clk 01:20:45]} {[%emt 00:04:12]} Nbd7 {[%clk
01:15:33]} {[%emt 00:02:22]} 11. Rfe1 {[%clk 01:12:36]} {[%emt 00:08:39]} Re8
{[%clk 01:13:21]} {[%emt 00:02:42]} 12. e4 {[%clk 01:07:58]} {[%emt 00:05:08]}
dxe4 {[%clk 01:13:04]} {[%emt 00:00:47]} 13. Nxe4 {[%clk 01:00:33]} {[%emt
00:07:54]} Nxe4 {[%clk 01:11:56]} {[%emt 00:01:39]} 14. Qxe4 {[%clk 01:00:13]}
{[%emt 00:00:50]} Nf6 {[%clk 01:12:04]} {[%emt 00:00:21]} 15. Qc2 {[%clk
00:59:16]} {[%emt 00:01:28]} c5 {[%clk 01:10:26]} {[%emt 00:02:08]} 16. Rad1
{[%clk 00:44:33]} {[%emt 00:15:13]} Qc8 {[%clk 01:05:37]} {[%emt 00:05:18]} 17.
Rd2 {[%clk 00:28:09]} {[%emt 00:16:55]} cxd4 {[%clk 00:58:43]} {[%emt
00:07:24]} 18. Qxc8 {[%clk 00:14:59]} {[%emt 00:13:40]} Raxc8 {[%clk 00:58:37]}
{[%emt 00:00:36]} 19. Rxd4 {[%clk 00:08:02]} {[%emt 00:07:27]} Bc5 {[%clk
00:56:33]} {[%emt 00:02:33]} 20. Rdd1 {[%clk 00:06:23]} {[%emt 00:02:09]} Ng4
{[%clk 00:46:13]} {[%emt 00:10:51]} 21. Rxe8+ {[%clk 00:01:43]} {[%emt
00:05:10]} Rxe8 {[%clk 00:46:34]} {[%emt 00:00:08]} 22. Rd2 {[%clk 00:01:51]}
{[%emt 00:00:22]} Bb4 {[%clk 00:38:34]} {[%emt 00:08:30]} 23. Rd7 {[%clk
00:01:26]} {[%emt 00:00:55]} Bc6 {[%clk 00:36:59]} {[%emt 00:02:05]} 24. Rxa7
{[%clk 00:00:55]} {[%emt 00:01:02]} Bc5 {[%clk 00:36:50]} {[%emt 00:00:38]} 25.
Be3 {[%clk 00:01:04]} {[%emt 00:00:22]} Nxe3 {[%clk 00:36:15]} {[%emt
00:01:04]} 26. fxe3 {[%clk 00:01:32]} {[%emt 00:00:03]} Bxe3+ {[%clk 00:36:43]}
{[%emt 00:00:01]} 27. Kh1 {[%clk 00:01:49]} {[%emt 00:00:12]} g6 {[%clk
00:36:27]} {[%emt 00:00:46]} 28. h4 {[%clk 00:01:19]} {[%emt 00:01:01]} Bf2
{[%clk 00:36:13]} {[%emt 00:00:44]} 29. Kh2 {[%clk 00:01:36]} {[%emt 00:00:12]}
Re3 {[%clk 00:34:09]} {[%emt 00:02:34]} 30. Ra3 {[%clk 00:01:28]} {[%emt
00:00:39]} Rxa3 {[%clk 00:34:26]} {[%emt 00:00:13]} 31. bxa3 {[%clk 00:01:56]}
{[%emt 00:00:01]} Bc5 {[%clk 00:34:54]} {[%emt 00:00:02]} 32. Ne5 {[%clk
00:01:57]} {[%emt 00:00:29]} Bxg2 {[%clk 00:34:13]} {[%emt 00:01:12]} 33. Kxg2
{[%clk 00:02:25]} {[%emt 00:00:02]} Bxa3 {[%clk 00:34:04]} {[%emt 00:00:38]}
34. Kf3 {[%clk 00:02:22]} {[%emt 00:00:33]} Bd6 {[%clk 00:27:51]} {[%emt
00:06:43]} 35. Nc4 {[%clk 00:02:04]} {[%emt 00:00:48]} Bc5 {[%clk 00:24:04]}
{[%emt 00:04:18]} 36. g4 {[%clk 00:01:37]} {[%emt 00:00:57]} f6 {[%clk
00:22:17]} {[%emt 00:02:17]} 37. a4 {[%clk 00:01:11]} {[%emt 00:00:56]} Kf7
{[%clk 00:21:28]} {[%emt 00:01:18]} 38. Nb2 {[%clk 00:00:48]} {[%emt 00:00:53]}
Ke6 {[%clk 00:16:02]} {[%emt 00:05:56]} 39. Nd3 {[%clk 00:01:01]} {[%emt
00:00:18]} Bd6 {[%clk 00:13:44]} {[%emt 00:02:48]} 40. g5 {[%clk 00:00:43]}
{[%emt 00:00:48]} fxg5 {[%clk 00:13:01]} {[%emt 00:01:13]} 41. hxg5 {[%clk
00:30:22]} {[%emt 00:00:51]} Kf5 {[%clk 00:43:13]} {[%emt 00:00:18]} 42. Nf2
{[%clk 00:29:35]} {[%emt 00:01:16]} Bf4 {[%clk 00:41:52]} {[%emt 00:01:52]} 43.
Ne4 {[%clk 00:29:09]} {[%emt 00:00:56]} Bxg5 {[%clk 00:41:39]} {[%emt
00:00:43]} 44. Nd6+ {[%clk 00:29:22]} {[%emt 00:00:17]} Ke6 {[%clk 00:40:44]}
{[%emt 00:01:24]} 45. Nc4 {[%clk 00:28:45]} {[%emt 00:01:09]} Bd8 {[%clk
00:40:58]} {[%emt 00:00:16]} 46. Kg4 {[%clk 00:28:37]} {[%emt 00:00:38]} h5+
{[%clk 00:39:46]} {[%emt 00:01:42]} 47. Kg3 {[%clk 00:28:49]} {[%emt 00:00:17]}
Kd5 {[%clk 00:38:09]} {[%emt 00:02:07]} 48. Ne3+ {[%clk 00:26:23]} {[%emt
00:02:56]} Kc5 {[%clk 00:37:15]} {[%emt 00:01:24]} 49. Ng2 {[%clk 00:26:09]}
{[%emt 00:00:44]} Kb4 {[%clk 00:36:38]} {[%emt 00:01:08]} 50. Nf4 {[%clk
00:26:33]} {[%emt 00:00:05]} h4+ {[%clk 00:36:47]} {[%emt 00:00:21]} 51. Kg4
{[%clk 00:26:35]} {[%emt 00:00:28]} g5 {[%clk 00:36:54]} {[%emt 00:00:23]} 52.
Ne6 {[%clk 00:26:55]} {[%emt 00:00:10]} Be7 {[%clk 00:36:48]} {[%emt 00:00:36]}
53. Nc7 {[%clk 00:26:53]} {[%emt 00:00:32]} Kxa4 {[%clk 00:36:39]} {[%emt
00:00:39]} 54. Nd5 {[%clk 00:26:31]} {[%emt 00:00:52]} Bd8 {[%clk 00:36:48]}
{[%emt 00:00:19]} 55. Nc3+ {[%clk 00:25:29]} {[%emt 00:01:34]} Kb4 {[%clk
00:36:49]} {[%emt 00:00:28]} 56. Nd5+ {[%clk 00:25:50]} {[%emt 00:00:10]} Kc5
{[%clk 00:36:50]} {[%emt 00:00:28]} 57. Nc3 {[%clk 00:26:00]} {[%emt 00:00:21]}
b5 {[%clk 00:36:28]} {[%emt 00:00:52]} 58. Ne4+ {[%clk 00:26:27]} {[%emt
00:00:03]} Kd4 {[%clk 00:36:03]} {[%emt 00:00:55]} 59. Nd2 {[%clk 00:25:37]}
{[%emt 00:01:20]} b4 {[%clk 00:36:12]} {[%emt 00:00:22]} 60. Nb1 {[%clk
00:25:54]} {[%emt 00:00:13]} b3 {[%clk 00:36:25]} {[%emt 00:00:17]} 61. Nd2
{[%clk 00:25:44]} {[%emt 00:00:39]} Kc3 {[%clk 00:36:19]} {[%emt 00:00:36]} 62.
Nxb3 {[%clk 00:26:08]} {[%emt 00:00:07]} Kxb3 {[%clk 00:36:43]} {[%emt
00:00:06]} 63. Kf3 {[%clk 00:26:36]} {[%emt 00:00:01]} Kc3 {[%clk 00:36:50]}
{[%emt 00:00:23]} 64. Kg4 {[%clk 00:27:05]} Kd3 {[%clk 00:36:45]} {[%emt
00:00:35]} 65. Kh3 {[%clk 00:27:29]} {[%emt 00:00:06]} Ke3 {[%clk 00:36:53]}
{[%emt 00:00:21]} 66. Kg4 {[%clk 00:27:48]} {[%emt 00:00:12]} Ke4 {[%clk
00:37:14]} {[%emt 00:00:09]} 67. Kh3 {[%clk 00:28:10]} {[%emt 00:00:08]} Kf3
{[%clk 00:37:24]} {[%emt 00:00:20]} 68. Kh2 {[%clk 00:28:33]} {[%emt 00:00:08]}
g4 {[%clk 00:37:34]} {[%emt 00:00:20]} 69. Kg1 {[%clk 00:28:57]} {[%emt
00:00:06]} g3 {[%clk 00:37:39]} {[%emt 00:00:24]} 70. Kh1 {[%clk 00:29:17]}
{[%emt 00:00:10]} g2+ {[%clk 00:38:00]} {[%emt 00:00:09]} 71. Kg1 {[%clk
00:29:39]} {[%emt 00:00:08]} Bb6+ {[%clk 00:38:10]} {[%emt 00:00:20]} 0-1